[Event "DVM U16w 2023"]
[Site "Magdeburg GER"]
[Date "2023.12.28"]
[Round "3"]
[White "Fettan, Nua"]
[Black "Reich, Elisabeth"]
[Result "0-1"]
[Termination "normal"]
[Board "6.1"]
[WhiteElo "1267"]
[BlackElo "1573"]
[WhiteClock "00:25:22"]
[BlackClock "00:22:37"]
[WhiteTeam "Hamburger SK 1830 2"]
[BlackTeam "ATSV Oberkotzau"]
[PlyCount "100"]
[WhiteFideId "34637362"]
[BlackFideId "16239776"]
[EventCountry "GER"]
[EventRounds "7"]
[EventType "team-swiss"]
[EventDate "2023.12.26"]

1. e4 {[%clk 01:30:58]} c5 {[%clk 01:30:55]} {[%emt 00:00:04]} 2. Nc3 {[%clk
01:31:22]} {[%emt 00:00:07]} e6 {[%clk 01:31:17]} {[%emt 00:00:09]} 3. f4
{[%clk 01:31:44]} {[%emt 00:00:08]} d5 {[%clk 01:31:34]} {[%emt 00:00:13]} 4.
Bb5+ {[%clk 01:31:17]} {[%emt 00:00:58]} Nc6 {[%clk 01:31:53]} {[%emt
00:00:11]} 5. Bxc6+ {[%clk 01:31:35]} {[%emt 00:00:11]} bxc6 {[%clk 01:32:13]}
{[%emt 00:00:10]} 6. d3 {[%clk 01:31:38]} {[%emt 00:00:28]} Nf6 {[%clk
01:31:39]} {[%emt 00:01:02]} 7. Nf3 {[%clk 01:31:50]} {[%emt 00:00:19]} Ba6
{[%clk 01:30:40]} {[%emt 00:01:28]} 8. O-O {[%clk 01:31:54]} {[%emt 00:00:26]}
dxe4 {[%clk 01:30:23]} {[%emt 00:00:47]} 9. Ne5 {[%clk 01:28:59]} {[%emt
00:03:26]} Qc7 {[%clk 01:24:06]} {[%emt 00:06:41]} 10. Qe1 {[%clk 01:26:42]}
{[%emt 00:02:53]} exd3 {[%clk 01:23:08]} {[%emt 00:01:27]} 11. cxd3 {[%clk
01:26:13]} {[%emt 00:00:59]} Rd8 {[%clk 01:16:22]} {[%emt 00:07:15]} 12. Qg3
{[%clk 01:23:06]} {[%emt 00:03:33]} Nd5 {[%clk 01:09:51]} {[%emt 00:07:05]} 13.
Rd1 {[%clk 01:14:38]} {[%emt 00:08:58]} f6 {[%clk 01:03:39]} {[%emt 00:06:41]}
14. Ng4 {[%clk 01:11:44]} {[%emt 00:03:19]} Bd6 {[%clk 01:00:14]} {[%emt
00:03:59]} 15. Qe1 {[%clk 01:07:32]} {[%emt 00:04:43]} Kf7 {[%clk 00:59:15]}
{[%emt 00:01:29]} 16. g3 {[%clk 01:06:34]} {[%emt 00:01:29]} h5 {[%clk
00:55:20]} {[%emt 00:04:25]} 17. Ne3 {[%clk 01:03:24]} {[%emt 00:03:41]} Nb4
{[%clk 00:50:58]} {[%emt 00:04:51]} 18. Qe2 {[%clk 00:59:30]} {[%emt 00:04:25]}
Be7 {[%clk 00:49:02]} {[%emt 00:02:24]} 19. f5 {[%clk 00:55:42]} {[%emt
00:04:20]} exf5 {[%clk 00:46:27]} {[%emt 00:03:05]} 20. Nxf5 {[%clk 00:53:34]}
{[%emt 00:02:37]} Bxd3 {[%clk 00:45:39]} {[%emt 00:01:18]} 21. Qf3 {[%clk
00:50:10]} {[%emt 00:03:45]} Bxf5 {[%clk 00:45:42]} {[%emt 00:00:36]} 22. Qxf5
{[%clk 00:50:37]} {[%emt 00:00:03]} Rxd1+ {[%clk 00:45:31]} {[%emt 00:00:42]}
23. Nxd1 {[%clk 00:50:56]} {[%emt 00:00:11]} g6 {[%clk 00:45:09]} {[%emt
00:00:51]} 24. Qf2 {[%clk 00:50:28]} {[%emt 00:00:54]} Nd3 {[%clk 00:44:06]}
{[%emt 00:01:34]} 25. Qe3 {[%clk 00:50:10]} {[%emt 00:00:49]} c4 {[%clk
00:42:29]} {[%emt 00:02:08]} 26. Qe4 {[%clk 00:49:31]} {[%emt 00:01:08]} Nxc1
{[%clk 00:40:41]} {[%emt 00:02:20]} 27. Qxc4+ {[%clk 00:49:43]} {[%emt
00:00:18]} Kg7 {[%clk 00:41:02]} {[%emt 00:00:09]} 28. Rxc1 {[%clk 00:49:56]}
{[%emt 00:00:17]} Qb6+ {[%clk 00:41:08]} {[%emt 00:00:23]} 29. Kf1 {[%clk
00:49:17]} {[%emt 00:01:10]} Rc8 {[%clk 00:37:38]} {[%emt 00:03:55]} 30. a3
{[%clk 00:47:25]} {[%emt 00:02:27]} Qb7 {[%emt 00:02:34]} 31. b4 {[%clk
00:46:51]} a6 {[%clk 00:35:08]} {[%emt 00:01:58]} 32. Ne3 {[%clk 00:44:00]}
{[%emt 00:03:22]} Bf8 {[%clk 00:29:04]} {[%emt 00:06:30]} 33. Qe6 {[%clk
00:40:27]} {[%emt 00:04:05]} Rc7 {[%clk 00:27:41]} {[%emt 00:01:47]} 34. Nd5
{[%clk 00:38:32]} {[%emt 00:02:33]} cxd5 {[%clk 00:25:17]} {[%emt 00:02:53]}
35. Rxc7+ {[%clk 00:36:49]} {[%emt 00:02:14]} Qxc7 {[%clk 00:25:39]} {[%emt
00:00:09]} 36. Qxa6 {[%clk 00:36:54]} {[%emt 00:00:25]} Qc4+ {[%clk 00:20:20]}
{[%emt 00:05:48]} 37. Qxc4 {[%clk 00:36:46]} {[%emt 00:00:37]} dxc4 {[%clk
00:20:50]} 38. Ke2 {[%clk 00:36:56]} {[%emt 00:00:22]} Bd6 {[%clk 00:21:04]}
{[%emt 00:00:16]} 39. Kd2 {[%clk 00:35:13]} {[%emt 00:02:13]} Be5 {[%clk
00:21:17]} {[%emt 00:00:16]} 40. a4 {[%clk 00:34:39]} {[%emt 00:01:04]} Kf7
{[%clk 00:21:42]} {[%emt 00:00:05]} 41. Ke3 {[%clk 00:30:24]} {[%emt 00:04:46]}
Ke6 {[%clk 00:21:25]} {[%emt 00:00:43]} 42. h3 {[%clk 00:25:24]} {[%emt
00:05:32]} Kd5 {[%clk 00:21:06]} {[%emt 00:00:48]} 43. g4 {[%clk 00:23:43]}
{[%emt 00:02:13]} hxg4 {[%clk 00:21:21]} {[%emt 00:00:15]} 44. hxg4 {[%clk
00:23:59]} {[%emt 00:00:14]} f5 {[%clk 00:21:18]} {[%emt 00:00:32]} 45. gxf5
{[%clk 00:24:00]} {[%emt 00:00:29]} gxf5 {[%clk 00:21:42]} {[%emt 00:00:06]}
46. a5 {[%clk 00:24:18]} {[%emt 00:00:13]} Kc6 {[%clk 00:21:54]} {[%emt
00:00:16]} 47. a6 {[%clk 00:24:36]} {[%emt 00:00:14]} Kb6 {[%clk 00:22:10]}
{[%emt 00:00:12]} 48. b5 {[%clk 00:25:02]} {[%emt 00:00:06]} c3 {[%clk
00:22:24]} {[%emt 00:00:16]} 49. Kd3 {[%clk 00:25:13]} {[%emt 00:00:19]} f4
{[%clk 00:22:45]} {[%emt 00:00:10]} 50. Ke2 {[%clk 00:25:22]} {[%emt 00:00:20]}
f3+ {[%clk 00:22:37]} {[%emt 00:00:37]} 0-1

[Event "DVM U16w 2023"]
[Site "Magdeburg GER"]
[Date "2023.12.28"]
[Round "3"]
[White "Hergenröder, Cora"]
[Black "Abram, Kristina-Maria"]
[Result "1-0"]
[Termination "normal"]
[Board "6.2"]
[WhiteElo "1500"]
[BlackElo "1192"]
[WhiteClock "00:08:26"]
[BlackClock "00:39:28"]
[WhiteTeam "ATSV Oberkotzau"]
[BlackTeam "Hamburger SK 1830 2"]
[PlyCount "89"]
[WhiteFideId "34603700"]
[BlackFideId "16298349"]
[EventCountry "GER"]
[EventRounds "7"]
[EventType "team-swiss"]
[EventDate "2023.12.26"]

1. d4 {[%clk 01:30:57]} {[%emt 00:00:02]} d5 {[%clk 01:30:52]} {[%emt
00:00:08]} 2. c4 {[%clk 01:31:23]} {[%emt 00:00:05]} e6 {[%clk 01:31:10]}
{[%emt 00:00:10]} 3. cxd5 {[%clk 01:31:45]} {[%emt 00:00:10]} exd5 {[%clk
01:31:27]} {[%emt 00:00:13]} 4. Nc3 {[%emt 00:00:32]} Nf6 {[%clk 01:31:45]} 5.
Bg5 {[%clk 01:32:19]} {[%emt 00:00:06]} Be7 {[%clk 01:31:59]} {[%emt 00:00:14]}
6. e3 {[%clk 01:32:44]} {[%emt 00:00:06]} h6 {[%clk 01:31:40]} {[%emt
00:00:49]} 7. Bh4 {[%clk 01:33:10]} {[%emt 00:00:05]} O-O {[%clk 01:31:44]}
{[%emt 00:00:25]} 8. Bd3 {[%clk 01:33:32]} {[%emt 00:00:08]} Nbd7 {[%clk
01:31:55]} {[%emt 00:00:18]} 9. Nge2 {[%clk 01:33:49]} {[%emt 00:00:14]} Re8
{[%clk 01:32:14]} {[%emt 00:00:12]} 10. O-O {[%clk 01:34:07]} {[%emt 00:00:11]}
Nf8 {[%clk 01:32:23]} {[%emt 00:00:21]} 11. f3 {[%clk 01:33:55]} {[%emt
00:00:43]} c5 {[%clk 01:31:53]} {[%emt 00:00:59]} 12. Bf2 {[%clk 01:33:36]}
{[%emt 00:00:49]} b6 {[%clk 01:30:32]} {[%emt 00:01:51]} 13. Bb5 {[%clk
01:31:36]} {[%emt 00:02:30]} Bd7 {[%clk 01:30:32]} {[%emt 00:00:30]} 14. Bxd7
{[%clk 01:29:19]} {[%emt 00:02:48]} Qxd7 {[%clk 01:30:44]} {[%emt 00:00:17]}
15. Rc1 {[%clk 01:22:37]} {[%emt 00:07:13]} Rac8 {[%clk 01:27:45]} {[%emt
00:03:26]} 16. Qd2 {[%clk 01:18:37]} {[%emt 00:04:32]} Bd6 {[%clk 01:22:17]}
{[%emt 00:05:57]} 17. Rfd1 {[%clk 01:12:37]} {[%emt 00:06:32]} c4 {[%clk
01:20:14]} {[%emt 00:02:33]} 18. Bg3 {[%clk 01:07:06]} {[%emt 00:06:00]} Bxg3
{[%clk 01:19:15]} {[%emt 00:01:29]} 19. Nxg3 {[%clk 01:07:27]} {[%emt
00:00:10]} Ng6 {[%clk 01:19:15]} {[%emt 00:00:30]} 20. e4 {[%clk 01:03:11]}
{[%emt 00:04:46]} dxe4 {[%clk 01:15:12]} {[%emt 00:04:32]} 21. fxe4 {[%clk
01:02:40]} {[%emt 00:01:02]} Qg4 {[%clk 01:11:28]} {[%emt 00:04:08]} 22. e5
{[%clk 00:58:30]} {[%emt 00:04:47]} Nh5 {[%clk 01:09:33]} {[%emt 00:02:25]} 23.
Nxh5 {[%clk 00:57:53]} {[%emt 00:01:07]} Qxh5 {[%clk 01:09:50]} {[%emt
00:00:11]} 24. Ne4 {[%clk 00:55:37]} {[%emt 00:02:47]} Red8 {[%clk 01:01:20]}
{[%emt 00:08:59]} 25. Nd6 {[%clk 00:53:34]} {[%emt 00:02:34]} Rc7 {[%clk
01:00:21]} {[%emt 00:01:23]} 26. Rxc4 {[%clk 00:46:31]} {[%emt 00:07:38]} Rxc4
{[%clk 00:59:04]} {[%emt 00:01:47]} 27. Nxc4 {[%clk 00:46:56]} {[%emt
00:00:05]} b5 {[%clk 00:58:25]} {[%emt 00:01:08]} 28. Nd6 {[%clk 00:46:51]}
{[%emt 00:00:36]} a6 {[%clk 00:57:26]} {[%emt 00:01:29]} 29. Rf1 {[%clk
00:46:37]} {[%emt 00:00:42]} f6 {[%clk 00:53:10]} {[%emt 00:04:46]} 30. Qf2
{[%clk 00:38:48]} {[%emt 00:08:18]} Kh7 {[%clk 00:50:38]} {[%emt 00:03:05]} 31.
Nf7 {[%emt 00:10:53]} Rf8 {[%clk 00:49:06]} {[%emt 00:01:58]} 32. e6 {[%clk
00:26:49]} {[%emt 00:02:10]} Re8 {[%clk 00:48:37]} {[%emt 00:00:55]} 33. Re1
{[%clk 00:13:22]} {[%emt 00:14:00]} Qd5 {[%clk 00:48:15]} {[%emt 00:00:52]} 34.
Qe3 {[%emt 00:02:04]} Qxa2 {[%clk 00:47:27]} {[%emt 00:00:01]} 35. Nd6 {[%clk
00:11:14]} {[%emt 00:02:22]} Re7 {[%clk 00:47:20]} {[%emt 00:00:35]} 36. Nf5
{[%clk 00:10:17]} {[%emt 00:01:29]} Re8 {[%clk 00:47:18]} {[%emt 00:00:29]} 37.
e7 {[%clk 00:10:04]} {[%emt 00:00:46]} Qd5 {[%clk 00:42:23]} {[%emt 00:05:14]}
38. Qe4 {[%clk 00:09:55]} {[%emt 00:00:50]} Qd7 {[%clk 00:40:56]} {[%emt
00:01:50]} 39. Nh4 {[%clk 00:09:09]} {[%emt 00:01:22]} f5 {[%clk 00:39:37]}
{[%emt 00:01:49]} 40. Nxf5 {[%clk 00:09:28]} {[%emt 00:00:12]} Kg8 {[%clk
00:39:00]} {[%emt 00:01:04]} 41. Nxh6+ {[%clk 00:08:36]} {[%emt 00:01:24]} gxh6
{[%clk 00:38:33]} {[%emt 00:00:57]} 42. Qxg6+ {[%clk 00:08:59]} {[%emt
00:00:08]} Kh8 {[%clk 00:38:43]} {[%emt 00:00:20]} 43. Qxh6+ {[%clk 00:08:51]}
{[%emt 00:00:37]} Kg8 {[%clk 00:39:07]} {[%emt 00:00:07]} 44. Qg6+ {[%clk
00:08:37]} {[%emt 00:00:43]} Kh8 {[%clk 00:39:28]} {[%emt 00:00:11]} 45. Re4
{[%clk 00:08:26]} {[%emt 00:00:41]} 1-0

[Event "DVM U16w 2023"]
[Site "Magdeburg GER"]
[Date "2023.12.28"]
[Round "3"]
[White "Einacker, Lina"]
[Black "Leuchsenring, Delia"]
[Result "1/2-1/2"]
[Termination "normal"]
[Board "6.3"]
[WhiteElo "1193"]
[BlackElo "1097"]
[WhiteClock "00:21:25"]
[BlackClock "00:14:57"]
[WhiteTeam "Hamburger SK 1830 2"]
[BlackTeam "ATSV Oberkotzau"]
[PlyCount "58"]
[WhiteFideId "34630147"]
[BlackFideId "34605304"]
[EventCountry "GER"]
[EventRounds "7"]
[EventType "team-swiss"]
[EventDate "2023.12.26"]

1. e4 {[%clk 01:30:59]} {[%emt 00:00:01]} e5 {[%clk 01:30:55]} {[%emt
00:00:06]} 2. Nf3 {[%clk 01:31:23]} {[%emt 00:00:05]} Nf6 {[%clk 01:31:14]}
{[%emt 00:00:12]} 3. Nxe5 {[%clk 01:31:34]} {[%emt 00:00:17]} d6 {[%clk
01:31:37]} {[%emt 00:00:08]} 4. Nf3 {[%clk 01:31:28]} {[%emt 00:00:36]} Nxe4
{[%clk 01:32:00]} {[%emt 00:00:06]} 5. Bc4 {[%clk 01:29:09]} {[%emt 00:02:50]}
d5 {[%clk 01:31:00]} {[%emt 00:01:29]} 6. Qe2 {[%clk 01:24:27]} {[%emt
00:05:12]} Be6 {[%clk 01:28:18]} {[%emt 00:03:12]} 7. Bd3 {[%clk 01:17:36]}
{[%emt 00:07:22]} Nf6 {[%clk 01:27:25]} {[%emt 00:01:23]} 8. c3 {[%clk
01:12:59]} {[%emt 00:05:05]} Bc5 {[%clk 01:25:16]} {[%emt 00:02:39]} 9. Bf5
{[%clk 01:08:56]} {[%emt 00:04:33]} Qe7 {[%clk 01:23:07]} {[%emt 00:02:39]} 10.
Bxe6 {[%clk 01:08:19]} {[%emt 00:01:07]} fxe6 {[%clk 01:20:16]} {[%emt
00:03:22]} 11. d4 {[%clk 01:07:24]} {[%emt 00:01:25]} Bd6 {[%clk 01:19:49]}
{[%emt 00:00:57]} 12. O-O {[%clk 01:05:35]} {[%emt 00:02:18]} O-O {[%clk
01:18:05]} {[%emt 00:02:14]} 13. Re1 {[%clk 01:05:04]} {[%emt 00:01:01]} Re8
{[%clk 01:17:54]} {[%emt 00:00:41]} 14. Ng5 {[%clk 01:01:58]} {[%emt 00:03:36]}
e5 {[%clk 01:14:05]} {[%emt 00:04:20]} 15. dxe5 {[%clk 00:59:13]} {[%emt
00:03:14]} Qxe5 {[%clk 01:13:01]} {[%emt 00:01:35]} 16. Qxe5 {[%clk 00:58:46]}
{[%emt 00:00:56]} Rxe5 {[%clk 01:11:08]} {[%emt 00:02:23]} 17. Rxe5 {[%clk
00:57:56]} {[%emt 00:01:20]} Bxe5 {[%clk 01:11:31]} {[%emt 00:00:08]} 18. f4
{[%clk 00:55:08]} {[%emt 00:03:18]} Bd6 {[%clk 01:11:06]} {[%emt 00:00:55]} 19.
Na3 {[%clk 00:54:30]} {[%emt 00:01:06]} Bxa3 {[%clk 01:04:35]} {[%emt
00:07:03]} 20. bxa3 {[%clk 00:54:13]} {[%emt 00:00:45]} Nbd7 {[%clk 01:01:02]}
{[%emt 00:04:04]} 21. Be3 {[%clk 00:50:55]} {[%emt 00:03:46]} Re8 {[%clk
00:58:30]} {[%emt 00:03:03]} 22. Bd4 {[%clk 00:43:32]} {[%emt 00:07:53]} c5
{[%clk 00:55:34]} {[%emt 00:03:27]} 23. Bf2 {[%clk 00:42:00]} {[%emt 00:02:01]}
h6 {[%clk 00:53:22]} {[%emt 00:02:43]} 24. Nf3 {[%clk 00:40:25]} {[%emt
00:02:06]} Ne4 {[%clk 00:51:55]} {[%emt 00:01:57]} 25. Re1 {[%clk 00:33:52]}
{[%emt 00:07:01]} Kf7 {[%clk 00:50:43]} {[%emt 00:01:43]} 26. Re3 {[%clk
00:32:00]} {[%emt 00:02:22]} b6 {[%clk 00:42:56]} {[%emt 00:08:18]} 27. Rd3
{[%clk 00:29:40]} {[%emt 00:02:50]} Ndf6 {[%clk 00:32:45]} {[%emt 00:10:41]}
28. h3 {[%clk 00:22:56]} {[%emt 00:07:13]} Ke6 {[%clk 00:21:55]} {[%emt
00:11:20]} 29. g4 {[%clk 00:21:25]} {[%emt 00:02:01]} g6 {[%clk 00:14:57]}
{[%emt 00:07:27]} 1/2-1/2

[Event "DVM U16w 2023"]
[Site "Magdeburg GER"]
[Date "2023.12.28"]
[Round "3"]
[White "Anaparthi, Aditi"]
[Black "Stepanjan, Marianne"]
[Result "0-1"]
[Termination "normal"]
[Board "7.1"]
[WhiteElo "1163"]
[BlackElo "1678"]
[WhiteClock "00:09:25"]
[BlackClock "00:12:24"]
[WhiteTeam "SC Garching 1980 2"]
[BlackTeam "TuRa Harksheide 1945 Norderstedt"]
[PlyCount "128"]
[WhiteFideId "34620389"]
[BlackFideId "16246110"]
[EventCountry "GER"]
[EventRounds "7"]
[EventType "team-swiss"]
[EventDate "2023.12.26"]

1. e4 {[%clk 01:30:58]} {[%emt 00:00:02]} c5 {[%clk 01:30:55]} {[%emt
00:00:05]} 2. Nc3 {[%clk 01:31:08]} {[%emt 00:00:20]} Nc6 {[%clk 01:31:15]}
{[%emt 00:00:10]} 3. Bc4 {[%clk 01:30:56]} {[%emt 00:00:41]} Nf6 {[%clk
01:31:16]} {[%emt 00:00:30]} 4. Nf3 {[%clk 01:30:31]} {[%emt 00:00:55]} d6
{[%clk 01:31:39]} {[%emt 00:00:07]} 5. b3 {[%clk 01:30:39]} {[%emt 00:00:22]}
e6 {[%clk 01:32:02]} {[%emt 00:00:06]} 6. O-O {[%clk 01:30:34]} {[%emt
00:00:35]} Be7 {[%clk 01:32:25]} {[%emt 00:00:06]} 7. Bb2 {[%clk 01:30:49]}
{[%emt 00:00:16]} O-O {[%clk 01:32:42]} {[%emt 00:00:12]} 8. d4 {[%clk
01:30:03]} {[%emt 00:01:15]} cxd4 {[%clk 01:32:20]} {[%emt 00:00:53]} 9. Nxd4
{[%clk 01:30:07]} {[%emt 00:00:26]} a6 {[%clk 01:31:29]} {[%emt 00:01:22]} 10.
a4 {[%clk 01:30:07]} {[%emt 00:00:28]} Qc7 {[%clk 01:30:41]} {[%emt 00:01:18]}
11. Qd2 {[%clk 01:23:57]} {[%emt 00:06:40]} Ne5 {[%clk 01:28:01]} {[%emt
00:03:10]} 12. Bd3 {[%emt 00:08:49]} Rd8 {[%clk 01:22:46]} {[%emt 00:00:02]}
13. Rad1 {[%clk 01:17:09]} {[%emt 00:04:43]} Nxd3 {[%clk 01:19:05]} {[%emt
00:04:11]} 14. cxd3 {[%clk 01:16:45]} {[%emt 00:00:53]} d5 {[%clk 01:18:45]}
{[%emt 00:00:50]} 15. exd5 {[%clk 00:59:35]} {[%emt 00:17:40]} Nxd5 {[%clk
01:17:15]} {[%emt 00:02:01]} 16. Nf3 {[%clk 00:56:41]} {[%emt 00:03:24]} Bf8
{[%clk 01:10:13]} {[%emt 00:07:32]} 17. Rc1 {[%clk 00:54:59]} {[%emt 00:02:11]}
Qd7 {[%clk 01:09:23]} {[%emt 00:01:20]} 18. Qg5 {[%clk 00:46:11]} {[%emt
00:09:19]} h6 {[%clk 01:07:31]} {[%emt 00:02:22]} 19. Qg3 {[%clk 00:46:22]}
{[%emt 00:00:18]} Bd6 {[%clk 01:02:13]} {[%emt 00:05:34]} 20. Ne5 {[%emt
00:01:53]} Qe8 {[%clk 01:00:24]} {[%emt 00:02:17]} 21. f4 {[%clk 00:35:46]}
{[%emt 00:09:58]} Bc5+ {[%clk 00:55:59]} {[%emt 00:04:54]} 22. Kh1 {[%clk
00:35:45]} {[%emt 00:00:33]} Ne3 {[%clk 00:53:48]} {[%emt 00:02:41]} 23. Rfe1
{[%clk 00:33:01]} {[%emt 00:03:13]} Nf5 {[%clk 00:53:14]} {[%emt 00:01:05]} 24.
Qg4 {[%clk 00:31:42]} {[%emt 00:01:48]} Qe7 {[%clk 00:42:46]} {[%emt 00:10:53]}
25. Ne4 {[%clk 00:29:42]} {[%emt 00:02:34]} Bd4 {[%clk 00:38:12]} {[%emt
00:05:12]} 26. Bxd4 {[%clk 00:21:47]} {[%emt 00:08:17]} Rxd4 {[%clk 00:37:41]}
{[%emt 00:01:01]} 27. Rc2 {[%clk 00:21:34]} {[%emt 00:00:44]} f6 {[%clk
00:28:46]} {[%emt 00:09:24]} 28. Ng6 {[%clk 00:19:06]} {[%emt 00:02:57]} Qf7
{[%clk 00:27:57]} {[%emt 00:01:18]} 29. Rec1 {[%clk 00:18:45]} {[%emt
00:00:53]} Bd7 {[%clk 00:24:29]} {[%emt 00:03:57]} 30. Rc7 {[%clk 00:17:56]}
{[%emt 00:01:20]} Ne3 {[%clk 00:19:26]} {[%emt 00:05:33]} 31. Qg3 {[%clk
00:17:13]} {[%emt 00:01:12]} Nd5 {[%clk 00:17:35]} {[%emt 00:02:21]} 32. Rxb7
{[%clk 00:16:11]} {[%emt 00:01:34]} Qe8 {[%clk 00:12:49]} {[%emt 00:05:05]} 33.
h3 {[%clk 00:09:22]} {[%emt 00:07:29]} Bc8 {[%clk 00:12:33]} {[%emt 00:00:46]}
34. Rxg7+ {[%clk 00:09:08]} {[%emt 00:00:45]} Kxg7 {[%clk 00:12:24]} {[%emt
00:00:38]} 35. Ne5+ {[%clk 00:09:25]} {[%emt 00:00:12]} Kf8 {[%clk 00:04:00]}
{[%emt 00:08:54]} 36. Ng6+ {[%clk 00:08:10]} {[%emt 00:01:45]} Kg7 {[%clk
00:02:57]} {[%emt 00:01:33]} 37. Nh4+ {[%clk 00:07:28]} {[%emt 00:01:12]} Kf8
{[%clk 00:02:03]} {[%emt 00:01:20]} 38. f5 {[%clk 00:06:48]} {[%emt 00:01:14]}
exf5 {[%clk 00:01:16]} {[%emt 00:01:18]} 39. Ng6+ {[%clk 00:05:59]} {[%emt
00:01:18]} Kg7 {[%clk 00:01:04]} {[%emt 00:00:42]} 40. Nf4+ {[%clk 00:06:18]}
{[%emt 00:00:11]} Kf8 {[%clk 00:00:44]} {[%emt 00:00:41]} 41. Nxd5 {[%clk
00:06:20]} {[%emt 00:00:35]} Rxd5 {[%clk 00:27:33]} {[%emt 00:03:41]} 42. Nxf6
{[%clk 00:36:23]} {[%emt 00:00:28]} Qf7 {[%clk 00:22:28]} {[%emt 00:05:25]} 43.
Nxd5 {[%clk 00:35:42]} {[%emt 00:01:22]} Qxd5 {[%clk 00:22:52]} {[%emt
00:00:05]} 44. Rc7 {[%clk 00:35:45]} {[%emt 00:00:27]} Bd7 {[%clk 00:20:43]}
{[%emt 00:02:36]} 45. Qg6 {[%clk 00:35:34]} {[%emt 00:00:44]} Qe6 {[%clk
00:20:43]} {[%emt 00:00:22]} 46. Qh7 {[%clk 00:35:21]} {[%emt 00:00:50]} Qe1+
{[%clk 00:20:37]} {[%emt 00:00:36]} 47. Kh2 {[%clk 00:35:35]} {[%emt 00:00:18]}
Qe5+ {[%clk 00:20:40]} {[%emt 00:00:27]} 48. Kh1 {[%clk 00:35:37]} {[%emt
00:00:28]} Qxc7 {[%clk 00:19:08]} {[%emt 00:02:01]} 49. Qh8+ {[%clk 00:35:52]}
{[%emt 00:00:15]} Ke7 {[%clk 00:17:30]} {[%emt 00:02:08]} 50. Qxa8 {[%clk
00:36:07]} {[%emt 00:00:15]} Qc1+ {[%clk 00:17:38]} {[%emt 00:00:21]} 51. Kh2
{[%clk 00:36:31]} {[%emt 00:00:07]} Qf4+ {[%clk 00:17:56]} {[%emt 00:00:12]}
52. Kh1 {[%clk 00:36:47]} {[%emt 00:00:14]} Qf1+ {[%clk 00:18:18]} {[%emt
00:00:07]} 53. Kh2 {[%clk 00:37:11]} {[%emt 00:00:07]} Qxd3 {[%clk 00:18:39]}
{[%emt 00:00:09]} 54. Qb8 {[%clk 00:36:54]} {[%emt 00:00:46]} Qe4 {[%clk
00:15:48]} {[%emt 00:03:21]} 55. Qh8 {[%clk 00:36:13]} {[%emt 00:01:11]} Bc6
{[%clk 00:14:37]} {[%emt 00:01:42]} 56. Qg7+ {[%clk 00:36:16]} {[%emt
00:00:27]} Kd8 {[%clk 00:13:56]} {[%emt 00:01:10]} 57. Qg8+ {[%clk 00:36:05]}
{[%emt 00:00:42]} Kc7 {[%clk 00:14:10]} {[%emt 00:00:13]} 58. Qg3+ {[%clk
00:35:57]} {[%emt 00:00:41]} Kb6 {[%clk 00:13:22]} {[%emt 00:01:17]} 59. Qf2+
{[%clk 00:35:57]} {[%emt 00:00:31]} Kb7 {[%clk 00:13:35]} {[%emt 00:00:16]} 60.
a5 {[%clk 00:35:59]} {[%emt 00:00:28]} Qe5+ {[%clk 00:13:50]} {[%emt 00:00:16]}
61. g3 {[%clk 00:35:01]} {[%emt 00:01:29]} Qxa5 {[%clk 00:13:57]} {[%emt
00:00:22]} 62. Qe2 {[%clk 00:35:13]} {[%emt 00:00:18]} Qd5 {[%clk 00:13:47]}
{[%emt 00:00:26]} 63. Qc2 {[%clk 00:34:29]} {[%emt 00:01:26]} Qf3 {[%clk
00:13:39]} {[%emt 00:00:36]} 64. Qb2 {[%clk 00:34:21]} {[%emt 00:00:41]} Qh1#
{[%clk 00:13:34]} {[%emt 00:00:04]} 0-1